|
|
|
|
| LEADER |
00662nab a2200157 i 4500 |
| 001 |
misc72250 |
| 005 |
20231201114033.0 |
| 008 |
231201s1946 hu o 000 hun d |
| 040 |
|
|
|a SZTE Miscellanea Repozitórium
|b hun
|
| 041 |
|
|
|a hun
|
| 245 |
0 |
0 |
|a Tudós és munkás szorosan fognak össze az új világ felépítésére. Szent-Györgyi Albert professzor nyilatkozata a Szabad Népnek
|h [elektronikus dokumentum]
|
| 260 |
|
|
|c 1946-06-09
|
| 300 |
|
|
|a 4
|
| 490 |
0 |
|
|a Szabad Nép: a Magyar Kommunista Párt központi lapja
|v 4 No. 129
|
| 561 |
|
|
|a Szent-Györgyi Albertről szóló irodalom
|
| 856 |
4 |
0 |
|u http://misc.bibl.u-szeged.hu/72250/1/szgya_1946_010.pdf
|z Dokumentum-elérés
|